000 00315nam a22001337a 4500
008 170619b xxu||||| |||| 00| 0 eng d
020 _a9780847687213
041 _aeng
080 _a32
100 _a20
101 _aSHP
245 _aDEMOCEACY TAKE ROOT IN POST SOVIET RUSIA
_cALMOND.G.A
942 _2udc
_cBK
999 _c18149
_d18149